Quizzes
Events
Quiz Creation
Community
Videos
Private Events
Remove Ads
Sign In
Join for FREE
Feedback
Dark Mode
Quiz Categories
Sports
Geography
Music
Movies
Television
Just For Fun
Miscellaneous
History
Literature
Language
Science
Gaming
Entertainment
Religion
Holiday
For Kids
Quiz Lab
Recent
Popular Today
Quiz Kudos Today
Editor Picks
Curator Picks
Quizzes by...
Day
Popularity
Type
Ratings
Length
Year
Community
Subscriptions
Recent Discussions
Orange Saloon
Badges
Playlists
Quests
Create
Leaderboards
Showdown
Live 5
Trivia Bingo
Activity
Puzzle Library
Sporcle Events
Private Events
Virtual Trivia
Globe League
Become a Host
Pub Owners
SporcleCon
Opinionation
Our Games
Videos
Blog
Mobile Apps
Partnerships
Remove Ads and Go Orange
Feedback
Science
Computer
Plants
Astronomy
Chemistry
Elements
Math
Animal
Physics
Anatomy
Biology
Geology
General Science
Science
Computer
Plants
Astronomy
Chemistry
Elements
Math
Animal
Physics
Anatomy
Biology
Geology
General Science
Random Quiz
Search Sporcle
×
Quiz Lab
Quiz Lab
Science
Acronym
Type in answers that appear in a list
Type in answers that appear in a list
Classic
Best Score? Go Orange.
Information Technology Acronyms Stats
Can you name the Information Technology Acronyms?
By
Prismfront
10m
30 Questions
332 Plays
332 Plays
332 Plays
Comments
Comments
Give Quiz Kudos
Give Quiz Kudos
-
- Ratings
hide this ad
Replay
Link that replays current quiz
Next Quiz
Link to next quiz in quiz playlist
You Got
0%
They Got
Avg Score
19%
Avg Friend Score
Upgrade to see
Score Distribution
Jump to the score distribution portion of the page
Score
0/30
Timer
10:00
0
Plays Today
Acronym
Meaning
% Correct
CPU
central processing unit
72%
USB
Universal Serial Bus
72%
LAN
local area network
71.7%
HTML
hypertext markup language
67.5%
WAN
wide area network
62.3%
URL
uniform resource locator
31.3%
SQL
structured query language
29.2%
XML
Extensible Markup Language
20.5%
DoD
Department of Defense
19%
DBA
Database Administrator
18.7%
ASP
active server pages
13.3%
HTTP
hypertext transfer protocal
11.4%
VoIP
voice over internet protocal
11.1%
PMP
Project Management Professional
9.6%
RAD
Rapid Application Development
7.8%
Acronym
Meaning
% Correct
GSA
General Services Administration
7.5%
OCONUS
Outside the Continental United States
7.5%
CSC
Computer Science Corporation
6.6%
IA
Information Assurance
6.3%
SAIC
Science Applications International Corporation
3.6%
CISSP
Certified Information Systems Security Professional
3.6%
USDA
U.S. Department of Agriculture
2.7%
FAMS
Federal Air Marshalls
2.4%
COTR
Contracting Officer Technical Representative
2.4%
ISSO
Information Systems Security Officer
2.4%
RIAs
Rich Internet Applications
2.4%
NAICS
North American Industry Classification System
1.8%
DMDC
Defense Manpower Data Center
1.8%
NIST
National Institute for Standards and Technology
1.2%
JSP
Jave Server Pages
0.6%
Quiz Playlist
Details
Report
Send in Message
Add To Playlist
Classic:
Type in answers that appear in a list
Last Updated: Feb 16, 2017
Quiz Scoreboard
CHALLENGE
Sign Up to Join the Scoreboard
Show All
Scores
Hide
Comments
May contain spoilers
Recently Published
An Introduction to Baseball
by treessimontrees
Sports
5m
Movies - When Are They Set?
by FPL_Elf
Movies
5m
Popular People in 1961
by mucciniale
History
6m
More to Explore
Quiz From the Vault
Featured Blog Post
Where Did the Easter Bunny Come From?
hide this ad
You Might Also Like...
Tags
Acronym
Information Technology
Technology
Today's Top Quizzes in Science
Browse Science
hide this ad
Today's Top Quizzes in Acronym
Browse Acronym
Top Contributed Quizzes in Science
1
Quick Pick: 'CI-CJ' Animals
2
Quick Pick: Radians
3
Elements In Images
4
One Thing in Common: Science
5
One Thing in Common: Science III
6
Count to 60
7
One Thing in Common: Science II
8
One Thing in Common: Animals
9
Square Numbers Scrambled (1-50)
10
Order Up: Organs and Body Systems
Explore More
Trending Topics
Crossword
Anime
Kpop
NBA
Harry Potter
Disney
Marvel
NFL
Soccer
Pokémon
Puzzle
WWE
Country
Song
The Office
hide this ad
More By:
Prismfront
Quiz
Plays
Rating
Category
Featured
Created
Information Technology Acronyms
332
1.00
Science
Nov 16, 2009
Go to Creator's Profile
Score Distribution
Quiz Creator Spotlight
Prismfront
Follow
Send a Message
Quizzes Created
-
Created Quiz Play Count
-
More By This Creator
Popular Quizzes Today
1
Find the Countries of Europe - No Outlines Minefield
2
Find the US States - No Outlines Minefield
3
The Countries of the World
4
Popular People in 1961
5
US States
6
Find the US States
7
1-10 Letter E Words III
8
Risky Map Clicking: Biggest States A-Z
More Science Quizzes
Find the Lily Animals
Quiz Lab
Trending Quizzes
Risky Map Clicking: Least Populous States A-Z
1-10 Letter F Words
1-10 Letter G Words
Not Quite an Element Typing Challenge
One Thing in Common: United Kingdom
Recently Updated
Leaping Animals
pecheneg
Reality TV Shows (A-Z)
bhenderson79
Rickey Henderson's Hall of Fame Teammates
pecheneg
Champions League XIs: Arsenal
pecheneg
Quick Pick: Celebrities in WWE's Hall of Fame
aduchscher
A-Z Keypad Blitz II
pecheneg
Multiple Oscar Actors
pecheneg
Mystery Phrase Blitz: Oscar 'Best Actors'
pecheneg
F. Scott Fitzgerald Novels
LTH
Pick 3 Villains
ddd62291
Trending Topics
Crossword
Marvel
NBA
Kpop
Harry Potter
Anime
Disney
WWE
Puzzle
NFL
The Office
Pokémon
Country
Soccer
Song
Your Account Isn't Verified!
In order to create a playlist on Sporcle, you need to verify the email address you used during registration. Go to your
Sporcle Settings
to finish the process.
Report this User
Report this user for behavior that violates our
Community Guidelines
.
Details:
Send Report
Go to the Sporcle.com Mobile Site →
Comments